000 00375pab a2200157 454500
008 180718b2013 xxu||||| |||| 00| 0 eng d
100 _aGoyal, Sanjay
245 _aEducation for preserving local and folk literature
260 _c2013
300 _ap.151-153.
362 _a4 Feb
650 _aEducation
773 _aUniversity News
908 _aN
909 _a102085
999 _c102083
_d102083